[Event "Capablanca mem open"]
[Site "La Habana CUB"]
[Date "2006.11.28"]
[Round "8.4"]
[White "Perez, Orelvis"]
[Black "Zambrana, Oswaldo"]
[Result "1/2-1/2"]
[PlyCount "110"]
[EventDate "2006.11.21"]
[EventType "swiss"]
[EventRounds "9"]
[EventCountry "CUB"]
[Source "lmi"]
[SourceDate "2006.11.21"]
[WhiteElo "2415"]
[BlackElo "2427"]

1. e4 c5 2. Nf3 d6 3. d4 cxd4 4. Nxd4 Nf6 5. Nc3 a6 6. Bg5 e6 7. f4 Qc7 8. Bd3
Nbd7 9. Qe2 Be7 10. O-O-O h6 11. Bh4 b5 12. Bxf6 Nxf6 13. e5 dxe5 14. fxe5 Nd7
15. Be4 Rb8 16. Nc6 b4 17. Nxb8 Bg5+ 18. Kb1 Qxb8 19. Na4 Qb5 20. Qxb5 axb5 21.
Rxd7 Kxd7 22. Nc5+ Kc7 23. Rf1 Rf8 24. Nd3 Be7 25. Rf4 f5 26. exf6 gxf6 27. Rf1
Bd6 28. Re1 f5 29. Bf3 Bxh2 30. Nxb4 Bd6 31. Nd3 Rg8 32. a3 h5 33. Ne5 h4 34.
c4 Rg3 35. Ba8 bxc4 36. Nxc4 Ba6 37. Rc1 Bf4 38. Rc2 Kb8 39. Bc6 e5 40. Bd7 Bb7
41. Nd6 Be4 42. Nxe4 fxe4 43. a4 Be3 44. Bf5 Bd4 45. Bxe4 Re3 46. Bd5 h3 47.
gxh3 Rxh3 48. b4 Ra3 49. Ra2 Rxa2 50. Kxa2 Ka7 51. Kb3 Bf2 52. Kc4 Be1 53. Kb5
Bd2 54. Be4 Be1 55. a5 Bd2 1/2-1/2

[Event "Capablanca mem open"]
[Site "La Habana CUB"]
[Date "2006.11.28"]
[Round "8.5"]
[White "Quezada, Yuniesky"]
[Black "Soto Paez, Oliver"]
[Result "1/2-1/2"]
[PlyCount "141"]
[EventDate "2006.11.21"]
[EventType "swiss"]
[EventRounds "9"]
[EventCountry "CUB"]
[Source "lmi"]
[SourceDate "2006.11.21"]
[WhiteElo "2515"]
[BlackElo "2315"]

1. e4 c5 2. Nf3 e6 3. d4 cxd4 4. Nxd4 a6 5. Nc3 b5 6. Bd3 Qb6 7. Nf3 Nc6 8. O-O
Qb8 9. Re1 Nge7 10. e5 Ng6 11. Qe2 f5 12. h4 Bc5 13. h5 Nge7 14. Be3 Qb6 15.
Bxc5 Qxc5 16. Qd2 Bb7 17. Rad1 Rd8 18. Bf1 Nb4 19. Nd4 Nbd5 20. Nxd5 Nxd5 21.
Nb3 Qe7 22. Be2 O-O 23. Bf3 Rc8 24. c3 h6 25. Nd4 Ba8 26. Nc2 Rf7 27. a3 Qh4
28. Qd4 Qg5 29. Qa7 Nxc3 30. Rd3 Bxf3 31. Rxf3 Ne4 32. Nb4 Rc1 33. Rfe3 Rxe1+
34. Rxe1 Qd2 35. Qe3 Qxb2 36. Re2 Qa1+ 37. Re1 Qc3 38. Qxc3 Nxc3 39. Re3 Na4
40. Nxa6 f4 41. Rb3 Rf5 42. Rxb5 Rxh5 43. Nb8 Nc3 44. Rc5 Ne2+ 45. Kf1 f3 46.
gxf3 Nf4 47. Kg1 Ne2+ 48. Kf1 Nf4 49. Kg1 Rg5+ 50. Kf1 d5 51. Rc8+ Kh7 52. Nd7
h5 53. Rf8 Ng6 54. f4 Rg4 55. f3 Rh4 56. Re8 Nxf4 57. Nf8+ Kg8 58. Nxe6+ Kf7
59. Nc7 Rh1+ 60. Kf2 Rc1 61. e6+ Nxe6 62. Rxe6 Rc2+ 63. Kg3 Rxc7 64. Re5 Rd7
65. Rxh5 d4 66. Kf4 d3 67. Rh1 Ra7 68. Rd1 Rxa3 69. Ke4 Kf6 70. Rxd3 Rxd3 71.
Kxd3 1/2-1/2

[Event "Capablanca mem open"]
[Site "La Habana CUB"]
[Date "2006.11.28"]
[Round "8.9"]
[White "Escobar Forero, Alder"]
[Black "Mosquera, Miguel"]
[Result "1/2-1/2"]
[PlyCount "29"]
[EventDate "2006.11.21"]
[EventType "swiss"]
[EventRounds "9"]
[EventCountry "CUB"]
[Source "lmi"]
[SourceDate "2006.11.21"]
[WhiteElo "2457"]
[BlackElo "2425"]

1. d4 d5 2. Nf3 Nf6 3. g3 Bf5 4. Bg2 c6 5. O-O e6 6. b3 Nbd7 7. c4 Bd6 8. Ba3
Bxa3 9. Nxa3 Qe7 10. Nc2 O-O 11. Re1 Rad8 12. c5 e5 13. dxe5 Nxe5 14. Ncd4 Be4
15. Nxe5 1/2-1/2

[Event "Capablanca mem open"]
[Site "La Habana CUB"]
[Date "2006.11.28"]
[Round "8.11"]
[White "Barrientos, Sergio"]
[Black "Vera, Reynaldo"]
[Result "1/2-1/2"]
[PlyCount "91"]
[EventDate "2006.11.21"]
[EventType "swiss"]
[EventRounds "9"]
[EventCountry "CUB"]
[Source "lmi"]
[SourceDate "2006.11.21"]
[WhiteElo "2421"]
[BlackElo "2510"]

1. e4 c5 2. Nf3 d6 3. d4 cxd4 4. Nxd4 Nf6 5. Nc3 a6 6. Be3 e6 7. g4 h6 8. h3
Nc6 9. Qe2 Nxd4 10. Bxd4 e5 11. Be3 Be6 12. Bg2 Rc8 13. Nd5 Bxd5 14. exd5 Be7
15. O-O Nd7 16. c4 a5 17. a3 a4 18. b4 axb3 19. Rab1 O-O 20. Rxb3 Rc7 21. Rfb1
Qa8 22. Be4 Bg5 23. Bxg5 hxg5 24. Bc2 Nc5 25. Rf3 Qd8 26. Kg2 g6 27. Qd2 Kg7
28. Rb6 Qe7 29. Qb4 Ra8 30. a4 Ra6 31. a5 Rc8 32. Ra3 Rca8 33. Rb5 Qd8 34. Bd1
b6 35. Rxb6 Rxb6 36. axb6 Rxa3 37. Qxa3 Qxb6 38. Bc2 Nd7 39. Qc1 Kf6 40. h4
gxh4 41. Qh6 Qd4 42. Qxh4+ Kg7 43. Bxg6 Kxg6 44. Qh5+ Kf6 45. Qh4+ Kg6 46. Qh5+
1/2-1/2

[Event "Capablanca mem open"]
[Site "La Habana CUB"]
[Date "2006.11.28"]
[Round "8.12"]
[White "Pozo Vera, Sandro"]
[Black "Braga, Cicero"]
[Result "1/2-1/2"]
[PlyCount "31"]
[EventDate "2006.11.21"]
[EventType "swiss"]
[EventRounds "9"]
[EventCountry "CUB"]
[Source "lmi"]
[SourceDate "2006.11.21"]
[WhiteElo "2462"]
[BlackElo "2412"]

1. e4 c5 2. Nf3 g6 3. d4 cxd4 4. Qxd4 Nf6 5. e5 Nc6 6. Qa4 Nd5 7. Qe4 Ndb4 8.
Bb5 Qa5 9. Nc3 Bg7 10. O-O O-O 11. Bd2 d5 12. exd6 exd6 13. a3 Bf5 14. Qc4 Nxc2
15. Nd5 Qd8 16. Rac1 1/2-1/2

[Event "Capablanca mem open"]
[Site "La Habana CUB"]
[Date "2006.11.28"]
[Round "8.18"]
[White "Otero, Diasmany"]
[Black "Arias, Lemmys A"]
[Result "1/2-1/2"]
[PlyCount "99"]
[EventDate "2006.11.21"]
[EventType "swiss"]
[EventRounds "9"]
[EventCountry "CUB"]
[Source "lmi"]
[SourceDate "2006.11.21"]
[WhiteElo "2423"]
[BlackElo "2253"]

1. d4 Nf6 2. c4 d6 3. Nc3 g6 4. e4 Bg7 5. Bg5 h6 6. Bh4 c5 7. d5 Qa5 8. f3 Nbd7
9. Bd3 g5 10. Bf2 Ne5 11. Nge2 Nfd7 12. Bg3 h5 13. h4 gxh4 14. Rxh4 Ng6 15. Rh1
h4 16. Bf2 Nde5 17. f4 Ng4 18. Qd2 Bd7 19. Rf1 h3 20. Rh1 hxg2 21. Rxh8+ Bxh8
22. Bg3 O-O-O 23. O-O-O Bg7 24. Rg1 Rh8 25. Rxg2 Bh6 26. Kb1 N6e5 27. Nc1 Qd8
28. Be2 Ng6 29. Nd3 Bg7 30. Nf2 Nxf2 31. Rxf2 Rh1+ 32. Rf1 Rxf1+ 33. Bxf1 Qh8
34. Bg2 Nh4 35. Kc2 Nxg2 36. Qxg2 f5 37. e5 dxe5 38. fxe5 Bxe5 39. Bxe5 Qxe5
40. Qg8+ Kc7 41. Qa8 a6 42. d6+ Qxd6 43. Nd5+ Kc6 44. Qd8 Qh2+ 45. Kb3 Qg3+ 46.
Ka4 Kd6+ 47. Ka5 Qe1+ 48. Kb6 Qe4 49. Qb8+ Ke6 50. Qg8+ 1/2-1/2

[Event "Capablanca mem open"]
[Site "La Habana CUB"]
[Date "2006.11.28"]
[Round "8.20"]
[White "Marrero, Yaniet"]
[Black "Puntier, William"]
[Result "1/2-1/2"]
[PlyCount "109"]
[EventDate "2006.11.21"]
[EventType "swiss"]
[EventRounds "9"]
[EventCountry "CUB"]
[Source "lmi"]
[SourceDate "2006.11.21"]
[WhiteElo "2252"]
[BlackElo "2337"]

1. e4 e5 2. Nf3 d6 3. d4 exd4 4. Nxd4 Nf6 5. Nc3 Be7 6. g3 h5 7. h3 h4 8. g4 d5
9. e5 Ne4 10. Nxe4 dxe4 11. Bg2 Qd5 12. O-O Qxe5 13. Re1 O-O 14. Rxe4 Qd6 15.
Bf4 Qd8 16. Nb5 Na6 17. Rd4 Qe8 18. Nxc7 Nxc7 19. Bxc7 Qb5 20. Rb1 Be6 21. b3
Bc5 22. Rd3 Bxf2+ 23. Kh1 Rfe8 24. c4 Qc5 25. Bd6 Qb6 26. Qc2 Rac8 27. Rf1 Bc5
28. Bxc5 Rxc5 29. Qf2 Qc7 30. Qxh4 b5 31. cxb5 Rxb5 32. Rfd1 Rbb8 33. Qg3 Qa5
34. R3d2 Rbc8 35. Qd6 Qg5 36. Qd4 Qh4 37. Qf2 Qe7 38. Qd4 Qh4 39. Qf2 Qe7 40.
Qd4 a5 41. Qf2 Qg5 42. Bd5 Rc3 43. Bxe6 Rxe6 44. Rd8+ Kh7 45. R8d3 Rf6 46. Qd2
Qxd2 47. R1xd2 Rxd3 48. Rxd3 Rf2 49. a4 Rb2 50. Rd5 Rxb3 51. Kg2 Rb2+ 52. Kg3
Rb3+ 53. Kg2 Rb2+ 54. Kg3 Rb3+ 55. Kg2 1/2-1/2

[Event "Capablanca mem open"]
[Site "La Habana CUB"]
[Date "2006.11.28"]
[Round "8.22"]
[White "Ramon, Vivian"]
[Black "Aponte, Ernesto"]
[Result "0-1"]
[PlyCount "134"]
[EventDate "2006.11.21"]
[EventType "swiss"]
[EventRounds "9"]
[EventCountry "CUB"]
[Source "lmi"]
[SourceDate "2006.11.21"]
[WhiteElo "2223"]
[BlackElo "2115"]

1. Nf3 Nc6 2. e4 d6 3. d4 Bg4 4. c3 Nf6 5. Be3 e6 6. Nbd2 Be7 7. h3 Bh5 8. Bd3
d5 9. e5 Nd7 10. b4 O-O 11. O-O Bg6 12. Bxg6 fxg6 13. Ne1 a5 14. b5 Na7 15. a4
Nb6 16. Nd3 Nac8 17. Qg4 Rf5 18. Rfb1 Nc4 19. Nxc4 dxc4 20. Nf4 Qd7 21. Ne2 Nb6
22. Ng3 Rf7 23. Ne4 Qd5 24. Bg5 Bf8 25. Re1 c6 26. Bd2 cxb5 27. axb5 a4 28.
Reb1 Ra5 29. h4 a3 30. Bc1 Na8 31. Ra2 Nc7 32. b6 Nb5 33. Qe2 Be7 34. Bg5 Bf8
35. Rc1 h6 36. Bd2 Ra6 37. Qg4 Kh7 38. f3 Rxb6 39. h5 g5 40. Bxg5 hxg5 41. Qxg5
Rf5 42. Qg6+ Kg8 43. g4 Nxc3 44. Rxc3 Qxd4+ 45. Kg2 Rb2+ 46. Rc2 Qxe5 47. gxf5
exf5 48. Ng5 Bd6 49. Qe6+ Qxe6 50. Nxe6 Rxa2 51. Rxa2 b5 52. Rd2 Be5 53. Ng5
Kf8 54. f4 Bb2 55. Rd8+ Ke7 56. Ra8 c3 57. Ra7+ Ke8 58. Ra8+ Ke7 59. Ra7+ Kd6
60. Nf7+ Kd5 61. Ne5 Ke4 62. Nf3 c2 63. Nd2+ Kd3 64. Nb3 Kc3 65. Nc1 Bxc1 66.
Rxg7 Bb2 67. Rc7+ Kb3 0-1

[Event "Capablanca mem open"]
[Site "La Habana CUB"]
[Date "2006.11.28"]
[Round "8.23"]
[White "Muñoz, Lisandro"]
[Black "Diaz Ordonez, Ciro"]
[Result "1/2-1/2"]
[PlyCount "91"]
[EventDate "2006.11.21"]
[EventType "swiss"]
[EventRounds "9"]
[EventCountry "CUB"]
[Source "lmi"]
[SourceDate "2006.11.21"]
[WhiteElo "2396"]
[BlackElo "2257"]

1. e4 c5 2. Nf3 e6 3. d4 cxd4 4. Nxd4 Qb6 5. Nb3 Qc7 6. Bd3 Nf6 7. Qe2 Nc6 8.
Nc3 a6 9. g4 d6 10. g5 Nd7 11. f4 b5 12. Be3 Be7 13. h4 Nc5 14. O-O-O b4 15.
Nb1 Nxd3+ 16. Qxd3 a5 17. Nd4 Ba6 18. Nb5 Bxb5 19. Qxb5 Rb8 20. Qc4 Qd7 21. h5
O-O 22. Nd2 Rfc8 23. Kb1 a4 24. Qe2 Na5 25. b3 Rc3 26. Bd4 Qc6 27. Rc1 Rc8 28.
Qd1 Qb5 29. Qf1 Qc6 30. Qd1 e5 31. fxe5 dxe5 32. Bxe5 Qb5 33. Bf4 axb3 34. Nxb3
Nc4 35. g6 Na3+ 36. Kb2 Rxb3+ 37. axb3 Bf6+ 38. e5 Bxe5+ 39. Bxe5 Qxe5+ 40. c3
bxc3+ 41. Ka2 Qa5 42. gxf7+ Kh8 43. Qd7 Nb5+ 44. Kb1 Na3+ 45. Ka2 Nb5+ 46. Kb1
1/2-1/2

[Event "Capablanca mem open"]
[Site "La Habana CUB"]
[Date "2006.11.29"]
[Round "9.1"]
[White "Borges Mateos, Juan"]
[Black "Arencibia, Walter"]
[Result "1/2-1/2"]
[PlyCount "29"]
[EventDate "2006.11.21"]
[EventType "swiss"]
[EventRounds "9"]
[EventCountry "CUB"]
[Source "lmi"]
[SourceDate "2006.11.21"]
[WhiteElo "2431"]
[BlackElo "2530"]

1. d4 d5 2. c4 e6 3. Nc3 Be7 4. Nf3 Nf6 5. Bg5 h6 6. Bh4 O-O 7. e3 Ne4 8. Bxe7
Qxe7 9. cxd5 Nxc3 10. bxc3 exd5 11. Qb3 Rd8 12. c4 dxc4 13. Bxc4 Nc6 14. Qc3
Bg4 15. O-O 1/2-1/2

[Event "Capablanca mem open"]
[Site "La Habana CUB"]
[Date "2006.11.29"]
[Round "9.2"]
[White "Corrales, Fidel"]
[Black "Iturrizaga, Eduardo"]
[Result "1-0"]
[PlyCount "81"]
[EventDate "2006.11.21"]
[EventType "swiss"]
[EventRounds "9"]
[EventCountry "CUB"]
[Source "lmi"]
[SourceDate "2006.11.21"]
[WhiteElo "2496"]
[BlackElo "2309"]

1. e4 c5 2. Nf3 Nc6 3. d4 cxd4 4. Nxd4 Nf6 5. Nc3 e6 6. Ndb5 Bb4 7. a3 Bxc3+ 8.
Nxc3 d5 9. exd5 exd5 10. Bd3 O-O 11. O-O d4 12. Ne2 Bg4 13. h3 Bh5 14. Bf4 Re8
15. Re1 Qb6 16. b4 a5 17. b5 Ne5 18. Bxe5 Rxe5 19. Qd2 Rae8 20. Ng3 Rxe1+ 21.
Rxe1 Bg6 22. Rxe8+ Nxe8 23. a4 Bxd3 24. cxd3 Nc7 25. Qg5 Ne6 26. Qe7 Qc7 27.
Qe8+ Nf8 28. b6 Qc2 29. Qb5 g6 30. Ne4 Ne6 31. g3 h6 32. Kg2 Ng5 33. Qe8+ Kg7
34. Qe5+ Kg8 35. Nxg5 hxg5 36. Qb8+ Kg7 37. Qxb7 Qxd3 38. Qd5 Qb1 39. b7 Kh6
40. Qxf7 Qe4+ 41. Kh2 1-0

[Event "Capablanca mem open"]
[Site "La Habana CUB"]
[Date "2006.11.29"]
[Round "9.3"]
[White "Abreu, Aryam"]
[Black "Zambrana, Oswaldo"]
[Result "1-0"]
[PlyCount "85"]
[EventDate "2006.11.21"]
[EventType "swiss"]
[EventRounds "9"]
[EventCountry "CUB"]
[Source "lmi"]
[SourceDate "2006.11.21"]
[WhiteElo "2465"]
[BlackElo "2427"]

1. e4 c5 2. Nf3 Nc6 3. d4 cxd4 4. Nxd4 Nf6 5. Nc3 e5 6. Ndb5 d6 7. Bg5 a6 8.
Na3 b5 9. Nd5 Be7 10. Bxf6 Bxf6 11. c4 b4 12. Nc2 a5 13. g3 O-O 14. h4 Be6 15.
Bh3 g6 16. Kf1 Bg7 17. h5 Ra7 18. Kg2 Qg5 19. hxg6 hxg6 20. Bxe6 fxe6 21. Nde3
Nd4 22. Nxd4 exd4 23. Ng4 Raf7 24. Rf1 Be5 25. f3 Bg7 26. Qd3 a4 27. Rad1 Rb8
28. b3 Ra8 29. Qd2 Qxd2+ 30. Rxd2 axb3 31. axb3 Rfa7 32. f4 Ra2 33. Rff2 Ra1
34. e5 dxe5 35. fxe5 Re1 36. Rxd4 Rf8 37. Nf6+ Bxf6 38. exf6 Re3 39. Rf3 Re5
40. Rd6 Rb8 41. Rd7 g5 42. g4 Kf8 43. Rh3 1-0

[Event "Capablanca mem open"]
[Site "La Habana CUB"]
[Date "2006.11.29"]
[Round "9.4"]
[White "Alvarez Pedraza, Aramis"]
[Black "Perez, Orelvis"]
[Result "0-1"]
[PlyCount "168"]
[EventDate "2006.11.21"]
[EventType "swiss"]
[EventRounds "9"]
[EventCountry "CUB"]
[Source "lmi"]
[SourceDate "2006.11.21"]
[WhiteElo "2439"]
[BlackElo "2415"]

1. e4 c5 2. Nf3 d6 3. d4 cxd4 4. Nxd4 Nf6 5. Nc3 g6 6. g3 Bg7 7. Bg2 O-O 8. O-O
Bg4 9. Nde2 Qc8 10. Be3 Nc6 11. f3 Bh3 12. Qd2 Bxg2 13. Kxg2 Rd8 14. Bg5 b5 15.
Nf4 h6 16. Bxf6 Bxf6 17. Nxb5 Bxb2 18. Rab1 Bg7 19. c4 Ne5 20. Rfc1 Qc5 21. Nd5
e6 22. Ne3 Rac8 23. Nd4 Nc6 24. Nxc6 Qxc6 25. Rd1 h5 26. Qd3 Bh6 27. Rb2 Rd7
28. Rc2 Qc5 29. f4 Rb8 30. Rf2 Rdb7 31. Rdd2 Rb4 32. Rc2 R8b6 33. g4 hxg4 34.
Nxg4 Bg7 35. e5 Rc6 36. Rfd2 Rbb6 37. h4 Rb1 38. Rf2 Rcb6 39. Rcd2 Qc6+ 40. Qf3
Qxf3+ 41. Kxf3 dxe5 42. fxe5 Rb7 43. Rc2 Rc7 44. Rfd2 Rh1 45. c5 Rh3+ 46. Kg2
Rxh4 47. Kg3 Rh5 48. c6 Kf8 49. Nf6 Rg5+ 50. Kh4 Bxf6 51. exf6 Rd5 52. Rxd5
exd5 53. Kg4 d4 54. Kf3 d3 55. Rb2 Kg8 56. Rb8+ Kh7 57. Rb7 Rxc6 58. Rxf7+ Kh6
59. Ke3 Ra6 60. Rf8 Kg5 61. f7 Kf6 62. Kxd3 Rxa2 63. Ke4 Kg7 64. Rc8 Kxf7 65.
Kf4 a5 66. Rc7+ Kf6 67. Rc6+ Kg7 68. Ra6 Kh6 69. Kg4 Ra4+ 70. Kf3 Kh5 71. Ra8
Ra3+ 72. Kf4 g5+ 73. Kf5 Rf3+ 74. Ke4 g4 75. Rxa5+ Kh4 76. Ra7 Kh3 77. Ra2 Rf1
78. Ra7 g3 79. Ke3 g2 80. Rh7+ Kg3 81. Rg7+ Kh2 82. Rh7+ Kg1 83. Ke2 Rf8 84.
Kd3 Kf1 0-1

[Event "Capablanca mem open"]
[Site "La Habana CUB"]
[Date "2006.11.29"]
[Round "9.6"]
[White "Gonzalez, Yuri"]
[Black "Hernandez, Holden"]
[Result "0-1"]
[PlyCount "120"]
[EventDate "2006.11.21"]
[EventType "swiss"]
[EventRounds "9"]
[EventCountry "CUB"]
[Source "lmi"]
[SourceDate "2006.11.21"]
[WhiteElo "2502"]
[BlackElo "2524"]

1. e4 c5 2. Nf3 d6 3. d4 cxd4 4. Nxd4 Nf6 5. Nc3 a6 6. Be3 e5 7. Nb3 Be6 8. f3
h5 9. Be2 Nbd7 10. Nd5 Nxd5 11. exd5 Bf5 12. Qd2 Be7 13. O-O Rc8 14. c4 O-O 15.
Na5 Qc7 16. b4 b6 17. Nc6 Bf6 18. Rac1 Rfe8 19. f4 Bg4 20. Bxg4 hxg4 21. f5 Nb8
22. b5 Nd7 23. Qe2 Qb7 24. a4 Ra8 25. Qxg4 e4 26. Rfe1 axb5 27. axb5 Ra3 28.
Bf4 Qc7 29. Re3 Rxe3 30. Bxe3 Qc8 31. Qe2 Qa8 32. g4 Qa3 33. g5 Bc3 34. Rf1 Ne5
35. Bxb6 Bb4 36. Kh1 Bc5 37. Bxc5 Qxc5 38. Nxe5 Rxe5 39. g6 e3 40. f6 fxg6 41.
f7+ Kf8 42. Qa2 Qc8 43. Qa3 e2 44. Qxd6+ Re7 45. Re1 Qxc4 46. Qg3 Qxd5+ 47. Qg2
Qxb5 48. Qf2 Re5 49. Qf3 Qc4 50. Kg2 g5 51. h3 Qa6 52. Qc3 Qb7+ 53. Kh2 Qe4 54.
Qb3 Qf4+ 55. Qg3 Re3 56. Qxf4 gxf4 57. Kg2 Kxf7 58. Kf2 g5 59. Rxe2 Rxe2+ 60.
Kxe2 Kg6 0-1

[Event "Capablanca mem open"]
[Site "La Habana CUB"]
[Date "2006.11.29"]
[Round "9.11"]
[White "De La Paz, Frank"]
[Black "Gongora, Maikel"]
[Result "0-1"]
[PlyCount "72"]
[EventDate "2006.11.21"]
[EventType "swiss"]
[EventRounds "9"]
[EventCountry "CUB"]
[Source "lmi"]
[SourceDate "2006.11.21"]
[WhiteElo "2442"]
[BlackElo "2467"]

1. e4 e5 2. Nf3 Nc6 3. Bc4 Nf6 4. d3 Bc5 5. c3 d6 6. Nbd2 a6 7. Bb3 O-O 8. Nf1
Ba7 9. Ng3 h6 10. O-O Be6 11. Bc2 d5 12. Qe2 d4 13. h3 b5 14. Nh4 Kh7 15. Ngf5
Ng8 16. Nf3 g6 17. cxd4 gxf5 18. d5 Nd4 19. Nxd4 Bxd4 20. dxe6 f4 21. exf7 Rxf7
22. Qh5 Qf6 23. Bb3 Rg7 24. Kh1 Ne7 25. Rb1 Rf8 26. Bd2 c5 27. Qd1 Qh4 28. Qf3
Rf6 29. Bc3 Bxc3 30. bxc3 b4 31. cxb4 Nc6 32. Bd1 Rg5 33. g4 fxg3 34. Qg2 gxf2
35. Bg4 h5 36. Rb2 Rxg4 0-1

[Event "Capablanca mem open"]
[Site "La Habana CUB"]
[Date "2006.11.29"]
[Round "9.13"]
[White "Prasca, Raphael"]
[Black "Barrientos, Sergio"]
[Result "1/2-1/2"]
[PlyCount "81"]
[EventDate "2006.11.21"]
[EventType "swiss"]
[EventRounds "9"]
[EventCountry "CUB"]
[Source "lmi"]
[SourceDate "2006.11.21"]
[WhiteElo "2448"]
[BlackElo "2421"]

1. e4 c5 2. Nf3 Nc6 3. d4 cxd4 4. Nxd4 e5 5. Nb5 d6 6. N1c3 a6 7. Na3 Be7 8.
Nd5 Nf6 9. Nxe7 Qxe7 10. Nc4 O-O 11. Bg5 h6 12. Bxf6 Qxf6 13. Qxd6 Be6 14. Ne3
Rfd8 15. Qa3 b5 16. Bd3 Nd4 17. b3 a5 18. O-O a4 19. Qb4 axb3 20. axb3 Rxa1 21.
Rxa1 Nxb3 22. Rd1 Nd4 23. c3 Nc6 24. Qxb5 Ne7 25. Bf1 Rc8 26. c4 Nc6 27. Nd5
Qh4 28. Nb6 Rc7 29. Qc5 g6 30. Rd6 Qxe4 31. Nd5 Bxd5 32. cxd5 Qb4 33. Rd8+ Kg7
34. Qxb4 Nxb4 35. d6 Rc1 36. d7 Rd1 37. Rb8 Nc6 38. Rc8 Nd4 39. f4 Ne6 40. fxe5
Rxd7 41. Bc4 1/2-1/2

[Event "Capablanca mem open"]
[Site "La Habana CUB"]
[Date "2006.11.29"]
[Round "9.16"]
[White "Arias, Lemmys A"]
[Black "Pedersen, Nicolai Vesterbaek"]
[Result "0-1"]
[PlyCount "92"]
[EventDate "2006.11.21"]
[EventType "swiss"]
[EventRounds "9"]
[EventCountry "CUB"]
[Source "lmi"]
[SourceDate "2006.11.21"]
[WhiteElo "2253"]
[BlackElo "2510"]

1. d4 Nf6 2. c4 e6 3. Nf3 d5 4. Nc3 Bb4 5. Qa4+ Nc6 6. Ne5 Bd7 7. Nxc6 Bxc3+ 8.
bxc3 Bxc6 9. Qa3 dxc4 10. f3 a5 11. e3 b5 12. Be2 Nd5 13. O-O Qe7 14. Qb2 Nb6
15. e4 O-O 16. Rb1 f5 17. Qa3 Qxa3 18. Bxa3 Rfb8 19. Rfc1 Nd7 20. exf5 exf5 21.
Kf2 Nb6 22. Bc5 Na4 23. Ba3 Bd5 24. Be7 h6 25. Bd1 Kf7 26. Bxa4 Kxe7 27. Re1+
Kd6 28. Rxb5 Rxb5 29. Bxb5 Rb8 30. Ba4 Rb2+ 31. Re2 Rb1 32. Re1 Rb7 33. Re2 Bc6
34. Bc2 Bd7 35. h4 a4 36. Ke3 a3 37. g3 Rb2 38. Bd1 Rb1 39. Rd2 g5 40. hxg5
hxg5 41. Ke2 f4 42. gxf4 gxf4 43. d5 Ra1 44. Kf2 Bf5 45. Ke1 Bb1 46. Rh2 Kc5
0-1

[Event "Capablanca mem open"]
[Site "La Habana CUB"]
[Date "2006.11.29"]
[Round "9.17"]
[White "Garcia, Osmel"]
[Black "Otero, Diasmany"]
[Result "1/2-1/2"]
[PlyCount "120"]
[EventDate "2006.11.21"]
[EventType "swiss"]
[EventRounds "9"]
[EventCountry "CUB"]
[Source "lmi"]
[SourceDate "2006.11.21"]
[WhiteElo "2400"]
[BlackElo "2423"]

1. e4 c5 2. Nf3 Nc6 3. Bc4 e6 4. O-O d5 5. exd5 exd5 6. Bb5 Bd6 7. d4 Nge7 8.
dxc5 Bxc5 9. Nbd2 O-O 10. Nb3 Bb6 11. c3 Bg4 12. Be2 Qd7 13. Bg5 f6 14. Bf4 Ng6
15. Bd2 Rae8 16. Nfd4 Bxe2 17. Nxe2 f5 18. Nf4 Re4 19. g3 Rfe8 20. Qh5 Qf7 21.
Rad1 d4 22. cxd4 Nxd4 23. Nxd4 Bxd4 24. Bc1 Nxf4 25. Qxf7+ Kxf7 26. Bxf4 Bxb2
27. Rd5 Be5 28. Rb1 b6 29. Rbb5 Bxf4 30. Rxf5+ Kg6 31. gxf4 R8e6 32. Rg5+ Kf7
33. Rbd5 Rg6 34. Rd7+ Re7 35. Rd4 Rxg5+ 36. fxg5 Kg6 37. h4 Re2 38. a4 Rb2 39.
Rd6+ Kh5 40. Rd7 a5 41. Rxg7 Kxh4 42. Rxh7+ Kxg5 43. Rb7 Rb4 44. Kg2 Kf4 45.
Rh7 Ke5 46. Rh6 Kd5 47. Kg3 Kc5 48. Rh5+ Kc4 49. Rh6 Kb3 50. f4 Kxa4 51. f5 Rb1
52. f6 Rg1+ 53. Kf2 Rg8 54. f7 Rf8 55. Rf6 b5 56. Ke2 Kb3 57. Kd2 a4 58. Kc1 b4
59. Kb1 a3 60. Rf3+ Ka4 1/2-1/2

[Event "Capablanca mem open"]
[Site "La Habana CUB"]
[Date "2006.11.29"]
[Round "9.19"]
[White "Aponte, Ernesto"]
[Black "Resende, Antonio Carlos"]
[Result "0-1"]
[PlyCount "52"]
[EventDate "2006.11.21"]
[EventType "swiss"]
[EventRounds "9"]
[EventCountry "CUB"]
[Source "lmi"]
[SourceDate "2006.11.21"]
[WhiteElo "2115"]
[BlackElo "2402"]

1. c4 g6 2. g3 Bg7 3. Bg2 e5 4. Nc3 Nc6 5. e3 d6 6. Nge2 h5 7. a3 h4 8. b4 a6
9. Bb2 Bg4 10. h3 Be6 11. Nd5 hxg3 12. Nxg3 Rh4 13. Qc2 f5 14. O-O-O Qd7 15. b5
Na5 16. d3 axb5 17. cxb5 Bxd5 18. Bxd5 Ne7 19. Ba2 Qxb5 20. e4 Ra6 21. Kb1 Rb6
22. Rd2 Bh6 23. Re2 Rc6 24. Qd1 Rc1+ 25. Qxc1 Bxc1 26. Rxc1 Qxd3+ 0-1

[Event "Capablanca mem open"]
[Site "La Habana CUB"]
[Date "2006.11.29"]
[Round "9.20"]
[White "Puntier, William"]
[Black "Larduet, Carlos"]
[Result "1/2-1/2"]
[PlyCount "67"]
[EventDate "2006.11.21"]
[EventType "swiss"]
[EventRounds "9"]
[EventCountry "CUB"]
[Source "lmi"]
[SourceDate "2006.11.21"]
[WhiteElo "2337"]
[BlackElo "2308"]

1. e4 c5 2. Nf3 d6 3. d4 cxd4 4. Nxd4 Nf6 5. Nc3 Nc6 6. Bc4 Qb6 7. Nxc6 bxc6 8.
O-O g6 9. b3 Bg7 10. Bb2 O-O 11. Na4 Qa5 12. Qe2 Nd7 13. Bxg7 Kxg7 14. f4 Nb6
15. Nxb6 axb6 16. Bd3 Qc3 17. Kh1 Ra3 18. Qe3 b5 19. Qb6 Re8 20. Qc7 Be6 21. f5
gxf5 22. exf5 Bd5 23. Rae1 Raa8 24. Qd7 Kh8 25. Be4 Bxe4 26. Rxe4 Qxc2 27. Rxe7
Rg8 28. Rg1 Rxa2 29. Ree1 Qc3 30. Re8 Raxg2 31. Rxg8+ Rxg8 32. Rxg8+ Kxg8 33.
Qd8+ Kg7 34. Qg5+ 1/2-1/2

[Event "Capablanca mem open"]
[Site "La Habana CUB"]
[Date "2006.11.29"]
[Round "9.21"]
[White "Elliott, Warren"]
[Black "Marrero, Yaniet"]
[Result "0-1"]
[PlyCount "54"]
[EventDate "2006.11.21"]
[EventType "swiss"]
[EventRounds "9"]
[EventCountry "CUB"]
[Source "lmi"]
[SourceDate "2006.11.21"]
[WhiteElo "2286"]
[BlackElo "2252"]

1. e4 e5 2. d4 exd4 3. Qxd4 Nc6 4. Qe3 Nf6 5. Bd2 Bb4 6. Nc3 O-O 7. O-O-O Re8
8. Qg3 Rxe4 9. a3 Bd6 10. f4 Re8 11. Nf3 a6 12. Bd3 b5 13. Qh3 Bf8 14. g4 d5
15. f5 b4 16. axb4 Nxb4 17. g5 Ne4 18. Bxe4 dxe4 19. g6 fxg6 20. Ng5 h6 21.
Ncxe4 Bxf5 22. Qg3 Bxe4 23. Bf4 Nd3+ 24. cxd3 Bxh1 25. Rxh1 hxg5 26. Bxg5 Qd5
27. Rf1 Re2 0-1

[Event "Capablanca mem open"]
[Site "La Habana CUB"]
[Date "2006.11.29"]
[Round "9.22"]
[White "Linares Napoles, Oleiny"]
[Black "Ordaz Valdes, Lisandra"]
[Result "1-0"]
[PlyCount "57"]
[EventDate "2006.11.21"]
[EventType "swiss"]
[EventRounds "9"]
[EventCountry "CUB"]
[Source "lmi"]
[SourceDate "2006.11.21"]
[WhiteElo "2199"]
[BlackElo "2216"]

1. Nf3 Nf6 2. b3 g6 3. Bb2 Bg7 4. g3 b6 5. Bg2 Bb7 6. O-O c5 7. c4 O-O 8. d3 d6
9. Nbd2 Nbd7 10. a3 Qc7 11. Rc1 Rac8 12. Qc2 Rfd8 13. Qb1 Qb8 14. Rfe1 Qa8 15.
e4 a6 16. Qa1 Ne8 17. Re2 Bxb2 18. Qxb2 Ng7 19. Bh3 e6 20. Rce1 Qb8 21. Re3 h6
22. Nf1 Ne5 23. N3d2 Nc6 24. f4 Nd4 25. Nf3 Nxf3+ 26. Rxf3 Rc7 27. Rfe3 b5 28.
Qf2 bxc4 29. dxc4 1-0